000 00291nam a22001337a 4500
008 170719b xxu||||| |||| 00| 0 eng d
020 _a9781931882491
041 _aeng
080 _a2
100 _a24
101 _aTEO
245 _aFROM LIGHT TO DARKNESS
_cMEHLER, S.S
942 _2udc
_cBK
999 _c21553
_d21553